[Event "BCF-ch Seniors 65"]
[Site "Llandudno"]
[Date "2017.08.02"]
[Round "4"]
[White "Homolka, Vincent"]
[Black "MacRae, James"]
[Result "1-0"]
[WhiteElo "1773"]
[BlackElo "1645"]
[PlyCount "45"]
[EventDate "2017.07.30"]
[EventType "swiss"]
[EventRounds "7"]
[EventCountry "WLS"]
[SourceTitle "CBM 179 Extra"]
[Source "ChessBase"]
[SourceDate "2017.08.23"]
[SourceVersion "1"]
[SourceVersionDate "2017.08.23"]
[SourceQuality "1"]

1. e4 b6 2. Nc3 Bb7 3. d3 e6 4. g3 f5 5. Bg2 Nf6 6. Nge2 c5 7. 0-0 Nc6 8. exf5 exf5 9. Nf4 Be7 10. Re1 0-0 11. Nfd5 Nxd5 12. Nxd5 Bd6 13. Bf4 Bxf4 14. Nxf4 Re8 15. Qh5 Na5 16. Bxb7 Nxb7 17. Qxf5 Qc7 18. Qd5+ Kf8 19. Qf3 Kg8 20. Re3 Nd6 21. Rae1 Rxe3 22. Qxa8+ Kf7 23. Rxe3 1-0

[Event "BCF-ch Seniors 65"]
[Site "Llandudno"]
[Date "2017.07.30"]
[Round "1"]
[White "Pickersgill, Adrian"]
[Black "MacRae, James"]
[Result "1/2-1/2"]
[WhiteElo "1972"]
[BlackElo "1645"]
[PlyCount "121"]
[EventDate "2017.07.30"]
[EventType "swiss"]
[EventRounds "7"]
[EventCountry "WLS"]
[SourceTitle "CBM 179 Extra"]
[Source "ChessBase"]
[SourceDate "2017.08.23"]
[SourceVersion "1"]
[SourceVersionDate "2017.08.23"]
[SourceQuality "1"]

1. e4 b6 2. d4 e6 3. Nc3 Bb7 4. Nf3 Nf6 5. e5 Nd5 6. Nxd5 Bxd5 7. Bd3 c5 8. c3 cxd4 9. cxd4 d6 10. 0-0 Qc7 11. Bf4 Be7 12. Rc1 Nc6 13. exd6 Bxd6 14. Ne5 Bxe5 15. Bxe5 Qb7 16. Bxg7 Rg8 17. Qg4 0-0-0 18. Bxh7 f5 19. Bxf5 exf5 20. Qxf5+ Qd7 21. Qxd7+ Rxd7 22. Be5 Rxg2+ 23. Kh1 Rg4+ 24. f3 Rf7 25. Rxc6+ Bxc6 26. Rc1 Rxf3 27. Rxc6+ Kd8 28. Rc1 Rg6 29. Rg1 Rc6 30. Rg8+ Ke7 31. Kg2 Rf7 32. d5 Rc2+ 33. Kg3 Re2 34. Bc3 Rh7 35. h4 Re3+ 36. Kf4 Rd3 37. Ke4 Rh3 38. Bb4+ Kd7 39. Ba3 R3xh4+ 40. Kf3 Rf7+ 41. Kg3 Rhh7 42. Ra8 a5 43. Ra7+ Kc8 44. Rxf7 Rxf7 45. b4 a4 46. Bc1 Rd7 47. Be3 b5 48. Kf4 Rxd5 49. Ke4 Rd1 50. Bd4 Kd7 51. Kd5 Rd3 52. Kc5 Ra3 53. Kxb5 Rxa2 54. Kc4 Rc2+ 55. Kd3 Rg2 56. Kc3 a3 57. Kb3 a2 58. Bb2 Kc6 59. Kxa2 Kb5 60. Kb3 Rxb2+ 61. Kxb2 1/2-1/2

[Event "SCO-ch 124th"]
[Site "Dundee"]
[Date "2017.07.18"]
[Round "4"]
[White "MacRae, James"]
[Black "McKay, Jonathan"]
[Result "1-0"]
[WhiteElo "1645"]
[BlackElo "1406"]
[PlyCount "91"]
[EventDate "2017.07.15"]
[EventType "swiss"]
[EventRounds "9"]
[EventCountry "SCO"]
[SourceTitle "CBM 179 Extra"]
[Source "ChessBase"]
[SourceDate "2017.08.23"]
[SourceVersion "1"]
[SourceVersionDate "2017.08.23"]
[SourceQuality "1"]

1. e4 e6 2. d4 d5 3. Nc3 Nf6 4. e5 Nfd7 5. Nf3 c5 6. Bg5 cxd4 7. Qxd4 Nc6 8. Qd2 Bb4 9. a3 Ba5 10. b4 Bb6 11. Bb5 f6 12. Bxc6 bxc6 13. 0-0 0-0 14. exf6 Nxf6 15. Be3 Bc7 16. Bc5 Re8 17. Rfe1 e5 18. Rad1 e4 19. Ng5 h6 20. Ngxe4 dxe4 21. Nxe4 Bg4 22. Nxf6+ Qxf6 23. f3 Bf5 24. Bd4 Qd6 25. g3 Rad8 26. c3 Bb6 27. Qf2 Bxd4 28. Rxe8+ Rxe8 29. Rxd4 Qe5 30. g4 Bc8 31. Re4 Qxe4 32. fxe4 Rxe4 33. h3 Bxg4 34. hxg4 Rxg4+ 35. Kf1 g5 36. Qe3 Rh4 37. Qxa7 g4 38. Qc7 h5 39. a4 Rh3 40. Qxc6 Rh2 41. a5 g3 42. a6 h4 43. a7 h3 44. a8Q+ Kh7 45. Qa7+ Kg8 46. Qc8# 1-0

[Event "SCO-ch 124th"]
[Site "Dundee"]
[Date "2017.07.15"]
[Round "1"]
[White "Grant, Jonathan"]
[Black "MacRae, James"]
[Result "1-0"]
[WhiteElo "2187"]
[BlackElo "1645"]
[PlyCount "107"]
[EventDate "2017.07.15"]
[EventType "swiss"]
[EventRounds "9"]
[EventCountry "SCO"]
[SourceTitle "CBM 179 Extra"]
[Source "ChessBase"]
[SourceDate "2017.08.23"]
[SourceVersion "1"]
[SourceVersionDate "2017.08.23"]
[SourceQuality "1"]

1. c4 Nf6 2. Nc3 e6 3. e4 d6 4. Nf3 c5 5. d4 cxd4 6. Nxd4 Nc6 7. Be2 Be7 8. 0-0 0-0 9. Be3 Bd7 10. f3 Nxd4 11. Qxd4 Bc6 12. Rfd1 a6 13. b4 Qc7 14. Rac1 Rfd8 15. Nd5 Bxd5 16. cxd5 Qd7 17. dxe6 fxe6 18. Qb6 Rdc8 19. a3 Rxc1 20. Rxc1 Rc8 21. Rxc8+ Qxc8 22. Qd4 Qc6 23. Qc4 Qd7 24. Qc2 Bf8 25. Bd4 Be7 26. g4 Ne8 27. f4 Bf6 28. Bb6 Bd8 29. Be3 g6 30. g5 Ng7 31. Bd4 Be7 32. Bg4 Kf7 33. Qc3 Bf8 34. Bf6 Ne8 35. h4 Bg7 36. Bxg7 Nxg7 37. Qf6+ Kg8 38. Kf2 Qf7 39. Ke3 e5 40. Qxf7+ Kxf7 41. fxe5 dxe5 42. Bc8 b6 43. Bxa6 Ne6 44. Bc4 Ke7 45. Bxe6 Kxe6 46. a4 Kd6 47. Kd3 Kd7 48. Kc4 Kc6 49. b5+ Kd6 50. Kb4 Kc7 51. a5 bxa5+ 52. Kxa5 Kb8 53. Kb6 Kc8 54. Ka7 1-0

[Event "Hastings Masters op 92nd"]
[Site "Hastings"]
[Date "2016.12.28"]
[Round "1"]
[White "MacRae, James"]
[Black "Raddatz, Michael"]
[Result "0-1"]
[WhiteElo "1642"]
[BlackElo "2028"]
[PlyCount "40"]
[EventDate "2016.12.28"]
[EventType "swiss"]
[EventRounds "9"]
[EventCountry "ENG"]
[SourceTitle "CBM 176 Extra"]
[Source "ChessBase"]
[SourceDate "2017.03.02"]
[SourceVersion "1"]
[SourceVersionDate "2017.03.02"]
[SourceQuality "1"]

1. f4 Nf6 2. Nf3 g6 3. c4 Bg7 4. d3 0-0 5. e4 d6 6. Be2 Nc6 7. 0-0 a5 8. Nc3 b6 9. Rb1 Bb7 10. a3 Qd7 11. Qc2 Ng4 12. Bd2 Nd4 13. Qd1 Nxf3+ 14. gxf3 Bd4+ 15. Kg2 Ne3+ 16. Bxe3 Bxe3 17. Kg3 Bc8 18. f5 gxf5 19. Rh1 f4+ 20. Kh4 Qh3+ 0-1

[Event "BCF-ch Seniors 65"]
[Site "Bournemouth"]
[Date "2016.07.30"]
[Round "7"]
[White "MacRae, James"]
[Black "Lawson, Maurice Elliot"]
[Result "1/2-1/2"]
[WhiteElo "1670"]
[BlackElo "1970"]
[PlyCount "56"]
[EventDate "2016.07.24"]
[EventType "swiss"]
[EventRounds "7"]
[EventCountry "ENG"]
[SourceTitle "CBM 173 Extra"]
[Source "ChessBase"]
[SourceDate "2016.08.29"]
[SourceVersion "1"]
[SourceVersionDate "2016.08.29"]
[SourceQuality "1"]

1. Nf3 d5 2. d4 Nf6 3. e3 Bf5 4. c4 e6 5. c5 c6 6. b4 Be7 7. Be2 0-0 8. 0-0 Ne4 9. Bb2 Nd7 10. Nc3 b5 11. Ne5 Nxc3 12. Bxc3 Qc7 13. Bd3 Bxd3 14. Qxd3 f6 15. Nxd7 Qxd7 16. f4 f5 17. Rf2 Bd8 18. a4 bxa4 19. Rxa4 Bh4 20. g3 Bf6 21. Rfa2 Rfb8 22. Ra6 Rb7 23. Qc2 Rc8 24. Qa4 Rcc7 25. Kf2 g5 26. Kf1 h5 27. Be1 Kf8 28. Rg2 g4 1/2-1/2

[Event "SCO-ch 123rd"]
[Site "Glasgow"]
[Date "2016.07.09"]
[Round "1"]
[White "MacRae, James"]
[Black "Jelfs, Alan"]
[Result "0-1"]
[WhiteElo "1670"]
[BlackElo "1888"]
[PlyCount "78"]
[EventDate "2016.07.09"]
[EventType "swiss"]
[EventRounds "9"]
[EventCountry "SCO"]
[SourceTitle "CBM 173 Extra"]
[Source "ChessBase"]
[SourceDate "2016.08.29"]
[SourceVersion "1"]
[SourceVersionDate "2016.08.29"]
[SourceQuality "1"]

1. d4 d5 2. c4 c6 3. cxd5 cxd5 4. Nc3 Nf6 5. Bg5 e6 6. a3 Be7 7. e3 Nc6 8. Bd3 0-0 9. Nf3 Nd7 10. Bxe7 Qxe7 11. 0-0 f5 12. Qc2 Nf6 13. Rac1 Bd7 14. Na4 Rfc8 15. Nc5 Be8 16. Qb1 Ne4 17. b4 Bh5 18. Bxe4 fxe4 19. Nd2 Rf8 20. f4 Nd8 21. Rf2 Nf7 22. Rcf1 Nh6 23. h3 b6 24. Ncb3 Qh4 25. Re1 Rf6 26. Nf1 Rg6 27. Nbd2 Qxh3 28. Nxe4 Qh4 29. Ng5 Rf8 30. Rc2 Nf5 31. Qc1 h6 32. g3 Qg4 33. Nh2 Qxg3+ 34. Rg2 Qh4 35. Ngf3 Rxg2+ 36. Kxg2 Qg3+ 37. Kh1 Bxf3+ 38. Nxf3 Qxf3+ 39. Kg1 Rf6 0-1

[Event "Hastings Masters op 91st"]
[Site "Hastings"]
[Date "2016.01.05"]
[Round "9"]
[White "MacRae, James"]
[Black "Dennis, Nigel W"]
[Result "0-1"]
[WhiteElo "1693"]
[BlackElo "1820"]
[PlyCount "144"]
[EventDate "2015.12.28"]
[EventType "swiss"]
[EventRounds "9"]
[EventCountry "ENG"]
[SourceTitle "EXT 2017"]
[Source "ChessBase"]
[SourceDate "2016.10.25"]
[SourceVersion "1"]
[SourceVersionDate "2016.10.25"]
[SourceQuality "1"]

1. e4 c5 2. Nf3 e6 3. c3 d5 4. exd5 Qxd5 5. c4 Qd8 6. Nc3 Nc6 7. d3 Nf6 8. g3 Be7 9. Bg2 0-0 10. 0-0 a6 11. a3 h6 12. Qc2 Qc7 13. Rd1 Rd8 14. b3 b6 15. Bb2 Bb7 16. Rd2 Rd7 17. Rad1 Rad8 18. Ne4 Nd4 19. Nxd4 cxd4 20. Re1 Kf8 21. Rde2 Nxe4 22. Bxe4 Bxe4 23. Rxe4 Bf6 24. Bc1 Qc5 25. b4 Qh5 26. Qa4 a5 27. Bf4 Qf3 28. Qd1 Qxd1 29. Rxd1 axb4 30. axb4 Ra7 31. Be5 Bxe5 32. Rxe5 Ke7 33. Re2 Rda8 34. Rc2 Ra4 35. b5 Kd6 36. Kg2 Ra2 37. Rdd2 Rxc2 38. Rxc2 Ra3 39. Rd2 e5 40. h4 f5 41. f3 g6 42. Kf2 Kc5 43. Ke2 e4 44. fxe4 fxe4 45. g4 exd3+ 46. Rxd3 Ra2+ 47. Kd1 Kxc4 48. Rf3 Rg2 49. Rf6 Rxg4 50. Rxb6 Rxh4 51. Rxg6 Kxb5 52. Kd2 Kc4 53. Rc6+ Kd5 54. Rc8 Ke4 55. Re8+ Kf3 56. Rf8+ Rf4 57. Rh8 Rf6 58. Kd3 Rd6 59. Rh7 Kg4 60. Rh8 Kh4 61. Rh7 h5 62. Rg7 Kh3 63. Rg8 h4 64. Rg7 Kh2 65. Rg8 h3 66. Rg7 Kh1 67. Rg3 h2 68. Rg4 Ra6 69. Rg5 Ra1 70. Kxd4 Rg1 71. Rh5 Kg2 72. Rg5+ Kf3 0-1

[Event "BCF-ch Seniors 65"]
[Site "Coventry"]
[Date "2015.07.31"]
[Round "5"]
[White "McDonald, Ian1111"]
[Black "MacRae, James"]
[Result "1-0"]
[WhiteElo "1907"]
[BlackElo "1689"]
[PlyCount "113"]
[EventDate "2015.07.27"]
[EventType "swiss"]
[EventRounds "6"]
[EventCountry "ENG"]
[SourceTitle "CBM 167 Extra"]
[Source "ChessBase"]
[SourceDate "2015.09.14"]
[SourceVersion "1"]
[SourceVersionDate "2015.09.14"]
[SourceQuality "1"]

1. e4 b6 2. d4 Bb7 3. Nc3 e6 4. Bd3 Be7 5. Nf3 Nf6 6. e5 Nd5 7. Nxd5 Bxd5 8. Qe2 c5 9. 0-0 Nc6 10. dxc5 Bxc5 11. Be4 Bxe4 12. Qxe4 d5 13. exd6 Qxd6 14. Bf4 Qd5 15. Qxd5 exd5 16. Rfe1+ Kd7 17. Rad1 Rad8 18. Rxd5+ Kc8 19. Rxd8+ Rxd8 20. c3 f6 21. g3 a5 22. Be3 Bxe3 23. Rxe3 Kb7 24. Kf1 Ka6 25. Ke2 Kb5 26. Rd3 Re8+ 27. Kd2 Re7 28. Nd4+ Nxd4 29. Rxd4 Kc5 30. a4 f5 31. f4 g6 32. b3 Rb7 33. Kd3 Re7 34. b4+ axb4 35. cxb4+ Kc6 36. h4 h5 37. Rc4+ Kb7 38. a5 bxa5 39. bxa5 Re6 40. Rb4+ Kc7 41. Rb6 Re1 42. Rxg6 Rd1+ 43. Kc4 Ra1 44. a6 Kb8 45. Kd4 Re1 46. Rg5 Ka7 47. Rxh5 Kxa6 48. Rxf5 Kb6 49. h5 Kc6 50. g4 Kd7 51. Re5 Rh1 52. Ke4 Kd6 53. Kf5 Rh2 54. Kg6 Rf2 55. Rf5 Rg2 56. g5 Ke6 57. h6 1-0

[Event "BCF-ch Seniors 65"]
[Site "Coventry"]
[Date "2015.07.30"]
[Round "4"]
[White "MacRae, James"]
[Black "Mitchell, Robert"]
[Result "1-0"]
[WhiteElo "1689"]
[BlackElo "1628"]
[PlyCount "77"]
[EventDate "2015.07.27"]
[EventType "swiss"]
[EventRounds "6"]
[EventCountry "ENG"]
[SourceTitle "CBM 167 Extra"]
[Source "ChessBase"]
[SourceDate "2015.09.14"]
[SourceVersion "1"]
[SourceVersionDate "2015.09.14"]
[SourceQuality "1"]

1. b3 e5 2. Bb2 d6 3. e3 Bd7 4. c4 Nf6 5. Nc3 Be7 6. d3 0-0 7. Be2 Re8 8. Nf3 Bc6 9. 0-0 Nbd7 10. d4 b6 11. d5 Bb7 12. Qc2 Nf8 13. a4 a6 14. Ra2 Rb8 15. Rfa1 a5 16. Ne1 Ng6 17. g3 Bc8 18. e4 Bh3 19. Nd3 Qd7 20. b4 Ng4 21. bxa5 bxa5 22. Bc1 f5 23. f3 fxe4 24. Nxe4 Nf6 25. Ndf2 Bf5 26. Bd3 Bh3 27. Ng5 e4 28. Ngxe4 Bf5 29. Nxf6+ Bxf6 30. Bxf5 Re1+ 31. Kg2 Qe8 32. Be6+ Kh8 33. Rb1 Bd4 34. Rxb8 Qxb8 35. Qd2 Bxf2 36. Kxf2 Rh1 37. Kg2 Rxc1 38. Qxc1 Qb3 39. Qb2 1-0

[Event "SCO-ch 122nd"]
[Site "Edinburgh"]
[Date "2015.07.13"]
[Round "3"]
[White "Moreby, James"]
[Black "MacRae, James"]
[Result "1-0"]
[WhiteElo "1997"]
[BlackElo "1689"]
[PlyCount "79"]
[EventDate "2015.07.11"]
[EventType "swiss"]
[EventRounds "9"]
[EventCountry "SCO"]
[SourceTitle "CBM 167 Extra"]
[Source "ChessBase"]
[SourceDate "2015.09.14"]
[SourceVersion "1"]
[SourceVersionDate "2015.09.14"]
[SourceQuality "1"]

1. e4 c6 2. d4 d5 3. f3 e6 4. Nc3 Bd6 5. Nge2 b6 6. e5 Bc7 7. f4 Ba6 8. Be3 Nd7 9. Ng3 Bxf1 10. Rxf1 g6 11. Qd2 Qe7 12. Rf3 b5 13. a4 b4 14. Na2 a5 15. Nc1 Nb6 16. b3 Nd7 17. Nd3 Bb6 18. Qf2 Nh6 19. h3 Qh4 20. Rc1 Nf5 21. Nxf5 Qxf2+ 22. Rxf2 gxf5 23. c3 bxc3 24. Rxc3 Rc8 25. Rfc2 Nb8 26. Nc5 Rc7 27. Bc1 0-0 28. Ba3 Rfc8 29. g4 fxg4 30. hxg4 Kg7 31. f5 exf5 32. gxf5 Rh8 33. f6+ Kf8 34. Ne6+ Ke8 35. Nxc7+ Bxc7 36. Rg3 Kd7 37. Rcg2 h5 38. Rg8 Rh6 39. Bc1 Rh7 40. R2g7 1-0

[Event "Hastings Masters op 90th"]
[Site "Hastings"]
[Date "2015.01.02"]
[Round "5"]
[White "MacRae, James"]
[Black "Denham, Colin"]
[Result "1/2-1/2"]
[WhiteElo "1723"]
[BlackElo "1685"]
[PlyCount "62"]
[EventDate "2014.12.29"]
[EventType "swiss"]
[EventRounds "9"]
[EventCountry "ENG"]
[SourceTitle "CBM 164 Extra"]
[Source "ChessBase"]
[SourceDate "2015.03.02"]
[SourceVersion "1"]
[SourceVersionDate "2015.03.02"]
[SourceQuality "1"]

1. d4 d5 2. Nf3 Nf6 3. Bg5 Nbd7 4. e3 h6 5. Bf4 c6 6. Nbd2 e6 7. Bd3 Nb6 8. 0-0 Bd6 9. Ne5 Qc7 10. Qf3 Nbd7 11. Nxd7 Bxd7 12. Bxd6 Qxd6 13. Rfe1 0-0-0 14. a3 Rhf8 15. b4 e5 16. Qg3 Nh5 17. Qxe5 Qxe5 18. dxe5 f6 19. Rec1 Rfe8 20. f4 Be6 21. Nf3 d4 22. Nxd4 Nxf4 23. exf4 Rxd4 24. Rf1 Bc4 25. Bxc4 Rxc4 26. Rac1 Rd8 27. c3 Rd2 28. Rf2 Rd3 29. g3 Rcxc3 30. Rxc3 Rxc3 31. Ra2 Kc7 1/2-1/2

[Event "Commonwealth-ch"]
[Site "Glasgow"]
[Date "2014.07.04"]
[Round "5"]
[White "MacRae, James"]
[Black "Wright, Carol"]
[Result "1-0"]
[WhiteElo "1746"]
[BlackElo "935"]
[PlyCount "73"]
[EventDate "2014.06.30"]
[EventType "swiss"]
[EventRounds "9"]
[EventCountry "SCO"]
[SourceTitle "CBM 161 Extra"]
[Source "ChessBase"]
[SourceDate "2014.08.29"]
[SourceVersion "1"]
[SourceVersionDate "2014.08.29"]
[SourceQuality "1"]

1. d4 d5 2. Nf3 Nf6 3. Bg5 c6 4. c3 Bf5 5. e3 Nbd7 6. Nbd2 Qb6 7. Qc1 h6 8. Bh4 g5 9. Bg3 Nh5 10. Be5 Nxe5 11. Nxe5 f6 12. Nef3 0-0-0 13. h3 Bg6 14. Be2 Ng7 15. a4 a5 16. Bd1 e6 17. Bc2 Nf5 18. b3 Ne7 19. 0-0 Bh5 20. Rb1 Bg6 21. b4 Bxc2 22. Qxc2 Nf5 23. Qb3 Bd6 24. Rb2 Rd7 25. Rfb1 Rhh7 26. Ne1 Qc7 27. Nd3 h5 28. Nc5 Rde7 29. Qc2 g4 30. Nxe6 Bh2+ 31. Kf1 Rxe6 32. Qxf5 Rhe7 33. bxa5 Kb8 34. a6 Rxe3 35. Rxb7+ Qxb7 36. Rxb7+ Rxb7 37. axb7 1-0

[Event "Commonwealth-ch"]
[Site "Glasgow"]
[Date "2014.06.30"]
[Round "1"]
[White "MacRae, James"]
[Black "Mitchell, Martin"]
[Result "0-1"]
[WhiteElo "1746"]
[BlackElo "2201"]
[PlyCount "108"]
[EventDate "2014.06.30"]
[EventType "swiss"]
[EventRounds "9"]
[EventCountry "SCO"]
[SourceTitle "CBM 161 Extra"]
[Source "ChessBase"]
[SourceDate "2014.08.29"]
[SourceVersion "1"]
[SourceVersionDate "2014.08.29"]
[SourceQuality "1"]

1. d4 Nf6 2. Nf3 e6 3. Bg5 c5 4. c3 cxd4 5. Nxd4 d5 6. e3 Be7 7. f4 Nbd7 8. Nd2 Nc5 9. N2b3 Nce4 10. Bh4 h6 11. Nd2 g5 12. Nxe4 Nxe4 13. Bg3 Bd7 14. Bd3 Nxg3 15. hxg3 Qc7 16. Qb3 0-0-0 17. 0-0-0 Rdg8 18. Rd2 Bc5 19. Kb1 a6 20. Re1 gxf4 21. gxf4 Rg6 22. Nf3 Qb6 23. Qxb6 Bxb6 24. Rde2 Rhg8 25. Ne5 Be8 26. Rc1 Rxg2 27. Rce1 Rxe2 28. Rxe2 Rg3 29. f5 Rxe3 30. fxe6 fxe6 31. Kc2 Rxe2+ 32. Bxe2 Bc7 33. Nd3 Bg6 34. Kd2 Bd6 35. Ke3 Kd7 36. Kd4 Ke7 37. Ne5 Be8 38. c4 dxc4 39. Bxc4 h5 40. Be2 Bc7 41. Bf3 Kf6 42. Nd3 b6 43. b3 h4 44. Bg4 Bc6 45. Bh3 e5+ 46. Ke3 Bd6 47. Ne1 Bc5+ 48. Kd3 e4+ 49. Kc4 Ke5 50. a4 Bd5+ 51. Kc3 Be6 52. Bg2 h3 53. Bh1 Bf2 54. Nc2 Bg4 0-1

[Event "Hastings Masters op 89th"]
[Site "Hastings"]
[Date "2014.01.02"]
[Round "6"]
[White "Kett, Timothy"]
[Black "MacRae, James"]
[Result "1-0"]
[WhiteElo "2223"]
[BlackElo "1736"]
[PlyCount "53"]
[EventDate "2013.12.28"]
[EventType "swiss"]
[EventRounds "9"]
[EventCountry "ENG"]
[SourceTitle "CBM 158 Extra"]
[Source "ChessBase"]
[SourceDate "2014.02.28"]
[SourceVersion "1"]
[SourceVersionDate "2014.02.28"]
[SourceQuality "1"]

1. e4 Nc6 2. d4 d5 3. e5 Bf5 4. Nf3 e6 5. g3 Be7 6. Bg2 h5 7. 0-0 Nh6 8. c3 h4 9. Nbd2 hxg3 10. hxg3 Ng4 11. b4 Nb8 12. Qe2 c6 13. a4 Nd7 14. Ba3 a5 15. b5 Bxa3 16. Rxa3 cxb5 17. Qxb5 Qb6 18. c4 Qxb5 19. axb5 b6 20. Nh4 Bh7 21. cxd5 exd5 22. Bxd5 Rc8 23. Nc4 Ke7 24. Nd6 Rc2 25. Nxf7 Rhc8 26. Ng5 Bg8 27. Ng6+ 1-0